TV Shows: Did They Survive the '90s? Quiz Stats

 Plays Quiz Updated Dec 27, 2014

Challenge
Share
Tweet
Embed
Score 0/26 Timer 05:00
4 Plays Today
Show Y or N? % Correct
Law & Order???
93.6%
Sex and the City???
93.4%
Friends???
91.7%
Everybody Loves Raymond???
91.2%
ER???
86.5%
In Living Color???
85.2%
Northern Exposure???
85%
Dawson's Creek???
83.7%
Step by Step???
83.2%
Wings???
83%
The Ren & Stimpy Show???
82.8%
Frasier???
78.8%
Buffy the Vampire Slayer???
76.2%
Show Y or N? % Correct
Charmed???
75.5%
The Fresh Prince of Bel-Air???
70.2%
Melrose Place???
69.5%
Mad About You???
68.4%
The Nanny???
66.7%
Rugrats???
65.5%
Star Trek: Voyager???
59.6%
Star Trek: Deep Space Nine???
53.8%
Boy Meets World???
52.2%
Home Improvement???
52%
3rd Rock from the Sun???
51%
Beverly Hills, 90210???
47.3%
Freaks and Geeks???
37.3%

You're not logged in!

Compare scores with friends on all Sporcle quizzes.
OR
Log In

You Might Also Like...

Show Comments

Extras

Top Quizzes Today


Score Distribution

Your Account Isn't Verified!

In order to create a playlist on Sporcle, you need to verify the email address you used during registration. Go to your Sporcle Settings to finish the process.

Report this User

Report this user for behavior that violates our Community Guidelines.

Details: